Logo Quiz Level 3 - Statistics

General Stats
  • This quiz has been taken 60 times
  • The average score is 12 of 16
Answer Stats
Picture Answer % Correct
Ray-Ban
98%
Auchan
95%
Flickr
88%
Android
85%
Matrox
85%
Naspers
80%
Battle for Dream Island
78%
Disastergames
78%
Etsy
71%
DuckDuckGo
68%
Ford
68%
Maserati
63%
Pagani
63%
UPC
61%
Saturn Corporation
59%
Decathlon Group
22%
No matching quizzes found
Score Distribution
Percent of People with Each Score
Percentile by Number Answered
Your Score History
You have not taken this quiz